[Event "Olympiad-44"]
[Site "Chennai"]
[Date "2022.08.05"]
[Round "7.2"]
[White "Charles, Cleophas"]
[Black "Smith, Michael"]
[Result "0-1"]
[WhiteElo "1593"]
[BlackElo "1557"]
[PlyCount "92"]
[EventDate "2022.07.29"]
[EventType "team-swiss"]
[EventRounds "11"]
[EventCountry "IND"]
[SourceTitle "CBM 210"]
[Source "ChessBase"]
[SourceDate "2022.10.31"]
[SourceVersion "1"]
[SourceVersionDate "2022.10.31"]
[SourceQuality "1"]
[WhiteTeam "Tanzania"]
[BlackTeam "US Virgin Islands"]
[WhiteTeamCountry "TAN"]
[BlackTeamCountry "ISV"]

1. e4 d6 2. d4 e5 3. dxe5 dxe5 4. Qxd8+ Kxd8 5. Nf3 Nc6 6. Bc4 Ke8 7. Nc3 Bb4 8. Bd2 Nge7 9. Nb5 Bd6 10. Ng5 Be6 11. Bxe6 fxe6 12. Nxe6 Kd7 13. Nxg7 Bc5 14. 0-0-0 Rag8 15. Bh6+ Kc8 16. f3 a6 17. Nc3 Nd4 18. Nd5 Nxd5 19. exd5 Bf8 20. c3 Nxf3 21. gxf3 Bxg7 22. Bxg7 Rxg7 23. Rhe1 Re8 24. Re3 Kd7 25. Kc2 Kd6 26. Rd2 Rge7 27. b3 Rf8 28. a4 b5 29. a5 Rf4 30. b4 Ref7 31. Rdd3 Rg7 32. Re2 Rgf7 33. Ree3 h5 34. Kd2 h4 35. Ke2 h3 36. Re4 Rg7 37. Ke3 Rgf7 38. Rxf4 Rxf4 39. Ke2 Rf7 40. Ke3 Rf4 41. Rd2 Rc4 42. Rd3 Rf4 43. Ke2 Rf7 44. Ke3 Rf4 45. Kf2 e4 46. Ke3 exd3 0-1